Las castañeras picadas : sainete original de Ramón de la Curz / (Record no. 173962)

MARC details
000 -LEADER
campo de control de longitud fija 01180nam a2200241 i 4500
001 - NÚMERO DE CONTROL
campo de control 173962
003 - IDENTIFICADOR DE NÚMERO DE CONTROL
campo de control ES-MaACL
005 - FECHA Y HORA DE LA ÚLTIMA TRANSACCIÓN
campo de control 20251114103629.0
008 - DATOS DE LONGITUD FIJA--INFORMACIÓN GENERAL
campo de control de longitud fija 100203s1898 sp |||| | spa d
100 1# - ENTRADA PRINCIPAL--NOMBRE DE PERSONA
Nombre de persona Cruz, Ramón de la,
Fechas asociadas al nombre 1731-1794
9 (RLIN) 41806
245 14 - MENCIÓN DEL TÍTULO
Título Las castañeras picadas : sainete original de Ramón de la Curz /
Mención de responsabilidad, etc. refundido en tres cuadros por Carlos Fernández Shaw... con música de los maestros Valverde (hijo) y Torregrosa.
260 ## - PUBLICACIÓN, DISTRIBUCIÓN, ETC.
Lugar de publicación, distribución, etc. Madrid :
Nombre del editor, distribuidor, etc. [Arregui y Aruej],
Fecha de publicación, distribución, etc. 1898 (
Fabricante R. Velasco, imp.)
300 ## - DESCRIPCIÓN FÍSICA
Extensión 45 p. ;
Dimensiones 18 cm.
490 1# - MENCIÓN DE SERIE
Mención de serie Biblioteca lírico-dramática y teatro cómico
500 ## - NOTA GENERAL
Nota general En port.: Representado por primera vez en el Teatro de Apolo la noche del 28 de mayo de 1898.
500 ## - NOTA GENERAL
Nota general Solo la letra.
700 1# - ENTRADA AGREGADA--NOMBRE PERSONAL
Nombre de persona Fernández-Shaw, Carlos,
Fechas asociadas al nombre 1865-1911
9 (RLIN) 50098
700 1# - ENTRADA AGREGADA--NOMBRE PERSONAL
Nombre de persona López Torregrosa, Tomás.
9 (RLIN) 129230
700 1# - ENTRADA AGREGADA--NOMBRE PERSONAL
Nombre de persona Valverde, Joaquín,
Fechas asociadas al nombre 1875-1918
9 (RLIN) 142098
830 00 - PUNTO DE ACCESO ADICIONAL DE SERIE-TÍTULO UNIFORME
Título uniforme Biblioteca lirico-dramática y teatro cómico
9 (RLIN) 188056
852 ## - LOCALIZACIÓN
Ubicación ES-MaACL
Número de control de estantería F-8635(6)
Nota libre - Enc. pasta española
-- - Enc. en un vol. facticio formando parte de la col. facticia "Teatro español moderno", vol. 90
Holdings
Estatus retirado Estado de pérdida Estado de daño No para préstamo Colección Biblioteca de origen Biblioteca actual Ubicación en estantería Fecha de adquisición Fuente de adquisición Total de préstamos Signatura topográfica completa Código de barras Visto por última vez Precio de reemplazo Tipo de ítem Koha
        Libros del s. XIX Biblioteca del Ateneo de Madrid Biblioteca del Ateneo de Madrid Sala Pecera Planta 2 03/02/2010     F-8635(6) 1182609 23/02/2023 23/02/2023 Libro impreso antiguo